<?xml version="1.0" encoding="UTF-8"?>
<record
    xmlns:xsi="http://www.w3.org/2001/XMLSchema-instance"
    xsi:schemaLocation="http://www.loc.gov/MARC21/slim http://www.loc.gov/standards/marcxml/schema/MARC21slim.xsd"
    xmlns="http://www.loc.gov/MARC21/slim">

  <leader>00829nam a22001937a 4500</leader>
  <controlfield tag="001">10104</controlfield>
  <controlfield tag="003">FISKH</controlfield>
  <controlfield tag="005">20260408150507.0</controlfield>
  <controlfield tag="008">260408b        cb ||||| |||| 00| 0 eng d</controlfield>
  <datafield tag="020" ind1=" " ind2=" ">
    <subfield code="a">9787802467620</subfield>
  </datafield>
  <datafield tag="040" ind1=" " ind2=" ">
    <subfield code="a">FISKH</subfield>
    <subfield code="b">chi</subfield>
    <subfield code="c">FISKH</subfield>
    <subfield code="d">FISKH</subfield>
  </datafield>
  <datafield tag="082" ind1=" " ind2=" ">
    <subfield code="a">895.1</subfield>
  </datafield>
  <datafield tag="100" ind1=" " ind2=" ">
    <subfield code="a">&#x888D;&#x5B50;&#x83CC;</subfield>
  </datafield>
  <datafield tag="245" ind1=" " ind2=" ">
    <subfield code="a">&#x7ED9;&#x4F60;&#x4EEC;&#x62CD;&#x4E00;&#x5BF8;&#x7167;&#x5427; /</subfield>
    <subfield code="c">By &#x888D;&#x5B50;&#x83CC;</subfield>
  </datafield>
  <datafield tag="300" ind1=" " ind2=" ">
    <subfield code="a">32 unnumbered pages : </subfield>
    <subfield code="b">color illustrations ;</subfield>
    <subfield code="c">25 cm . </subfield>
  </datafield>
  <datafield tag="520" ind1=" " ind2=" ">
    <subfield code="a">&#x8FD9;&#x662F;&#x4E00;&#x672C;&#x6E29;&#x99A8;&#x7684;&#x513F;&#x7AE5;&#x7ED8;&#x672C;&#xFF0C;&#x8BB2;&#x8FF0;&#x4E86;&#x4E00;&#x53EA;&#x957F;&#x9888;&#x9E7F;&#x56E0;&#x4E3A;&#x7F3A;&#x4E4F;&#x81EA;&#x4FE1;&#xFF0C;&#x603B;&#x89C9;&#x5F97;&#x81EA;&#x5DF1;&#x4E0D;&#x591F;&#x597D;&#x770B;&#xFF0C;&#x4E8E;&#x662F;&#x4E0D;&#x65AD;&#x542C;&#x4ECE;&#x4ED6;&#x4EBA;&#x7684;&#x610F;&#x89C1;&#x53BB;&#x6539;&#x53D8;&#x81EA;&#x5DF1;&#xFF0C;&#x7ED3;&#x679C;&#x53CD;&#x800C;&#x53D8;&#x5F97;&#x6DF7;&#x4E71;&#x4E0D;&#x582A;&#x3002;&#x6700;&#x7EC8;&#xFF0C;&#x5B83;&#x5B66;&#x4F1A;&#x63A5;&#x7EB3;&#x771F;&#x5B9E;&#x7684;&#x81EA;&#x5DF1;&#xFF0C;&#x627E;&#x56DE;&#x81EA;&#x4FE1;&#x3002;&#x6545;&#x4E8B;&#x901A;&#x8FC7;&#x751F;&#x52A8;&#x6709;&#x8DA3;&#x7684;&#x60C5;&#x8282;&#xFF0C;&#x5F15;&#x5BFC;&#x5B69;&#x5B50;&#x8BA4;&#x8BC6;&#x81EA;&#x6211;&#x4EF7;&#x503C;&#xFF0C;&#x5EFA;&#x7ACB;&#x81EA;&#x4FE1;&#x5FC3;&#x3002;</subfield>
  </datafield>
  <datafield tag="942" ind1=" " ind2=" ">
    <subfield code="2">ddc</subfield>
    <subfield code="c">BOOK</subfield>
    <subfield code="n">0</subfield>
  </datafield>
  <datafield tag="999" ind1=" " ind2=" ">
    <subfield code="c">10104</subfield>
    <subfield code="d">10104</subfield>
  </datafield>
  <datafield tag="952" ind1=" " ind2=" ">
    <subfield code="0">0</subfield>
    <subfield code="1">0</subfield>
    <subfield code="2">ddc</subfield>
    <subfield code="4">0</subfield>
    <subfield code="7">0</subfield>
    <subfield code="8">REF</subfield>
    <subfield code="a">002</subfield>
    <subfield code="b">002</subfield>
    <subfield code="c">LSHTTP</subfield>
    <subfield code="d">2026-04-08</subfield>
    <subfield code="l">0</subfield>
    <subfield code="o">895.1 &#x888D;&#x5B50;&#x83CC;</subfield>
    <subfield code="p">2026-0476</subfield>
    <subfield code="r">2026-04-08 15:05:03</subfield>
    <subfield code="w">2026-04-08</subfield>
    <subfield code="y">BOOK</subfield>
  </datafield>
</record>
